| 000 | 00421nam a2200157Ia 4500 | ||
|---|---|---|---|
| 003 | LK-CoDNM | ||
| 005 | 20240807151437.0 | ||
| 008 | 010623t1634 xxu||||| |||| 00| 1 eng d | ||
| 040 |
_aLK-CoDNM _dLK-CoDNM _eLK-CoDNM |
||
| 041 | _aeng | ||
| 080 |
_a16 _bS15 |
||
| 245 | _aThe Historie of the world : Commonly called the natvrall Historie | ||
| 260 |
_bAdam Iflip _aLondon _c1634 |
||
| 300 | _b1500p. ; 33 cm | ||
| 942 | _cBK | ||
| 999 |
_c80696 _d80696 |
||